|
|
|
|
| LEADER |
00000cam a2200000 7i4500 |
| 001 |
0000014736 |
| 005 |
20240918.0 |
| 008 |
040828 my may |
| 020 |
|
|
|a 9812042296 (hbk)
|
| 040 |
|
|
|a INS
|b eng
|e rda
|
| 090 |
0 |
0 |
|a RPL5121
|b .T56 1992
|
| 245 |
0 |
0 |
|a Times tesaurus Bahasa Melayu
|c penel penyelidik, ketua Prof. Madya Noor Ein Mohd Noor
|f anggota Noor Zaini Mohd Ali, Mohd Tahir Abd Rahman, Singgih W. Sumartoyo, Siti Fatimah Ariffin
|
| 264 |
|
1 |
|a Kuala Lumpur :
|b Times Books International
|c 1992
|
| 300 |
|
|
|a v, 673 pages ;
|c 22 cm.
|
| 336 |
|
|
|a text
|2 rdacontent
|
| 337 |
|
|
|a unmediated
|2 rdamedia
|
| 338 |
|
|
|a volume
|2 rdacarrier
|
| 650 |
|
0 |
|a Malay Language
|x Dictionaries
|
| 650 |
|
0 |
|a Malay Language
|x Glossaries, vocabularies etc.
|
| 700 |
0 |
|
|a Mohd Tahir Abd Rahman ,
|e editor
|
| 700 |
0 |
|
|a Noor Ein Mohd Noor ,
|e editor
|
| 700 |
0 |
|
|a Noor Zaini Mohd Ali ,
|e editor
|
| 700 |
0 |
|
|a Siti Fatimah Ariffin ,
|e editor
|
| 700 |
1 |
|
|a Sumartoyo, Singgih W. ,
|e editor
|
| 999 |
|
|
|a 0000004775
|b BOOK
|c Red Spot
|e Default branch
|
| 999 |
|
|
|a 0000004776
|b BOOK
|c Red Spot
|e Default branch
|